2011 New York Giants - Statistics

General Stats
  • This quiz has been taken 318 times
  • The average score is 8 of 23
Answer Stats
Hint Answer % Correct
QB Eli Manning
100%
WR Victor Cruz
72%
RB Ahmad Bradshaw
70%
COACH Tom Coughlin
63%
WR Hakeem Nicks
56%
DE Justin Tuck
56%
DE Jason Pierre-Paul
51%
RG Chris Snee
40%
FS Antrel Rolle
39%
CB Corey Webster
36%
FB Henry Hynoski
36%
LT David Diehl
33%
MLB Chase Blackburn
26%
TE Jake Ballard
26%
SS Kenny Phillips
20%
DT Linval Joseph
20%
CB Aaron Ross
19%
OLB Michael Boley
19%
DT Chris Canty
17%
C David Baas
16%
RT Kareem McKenzie
15%
LG Kevin Boothe
13%
NCB Deon Grant
7%
No matching quizzes found
Score Distribution
Percent of People with Each Score
Percentile by Number Answered
Your Score History
You have not taken this quiz